000 00840nam a2200217 a 4500
005 20090728111326.0
008 080103s2008 nyua b 000 0beng
010 _aENG-94591
020 _a8189579010
_c1100.00
035 _aEN-78124
037 _bDBAD / PUB
040 _adpl
_bEnglish
082 _a667.26
100 _aVankar, Padma S.
245 _aHandbook on natural dyes for industrial applications /
_cby Padma S. Vankar
260 _aDelhi
_bNational Institute of Industrial Research
_c(200?)
270 _a106-E, Kamla Nagar,
_bDelhi
_e110007
300 _axiv, 472p.
_bill. ;
_c23cm(pbk)
942 _2ddc
_cEN
_mVAN
_h667.26
999 _c28727
_d28727